Urbanización "Primero de Mayo": siete años de luchar por la vivienda

Αποθηκεύτηκε σε:
Λεπτομέρειες βιβλιογραφικής εγγραφής
Μορφή: Κείμενο
Ετικέτες: Προσθήκη ετικέτας
Δεν υπάρχουν, Καταχωρήστε ετικέτα πρώτοι!

MARC

LEADER 00000 a a2200000 04500
001 1749
003
040
245 |a Urbanización "Primero de Mayo":   |b siete años de luchar por la vivienda  
773 |g volumen 5, número 24; páginas 21-26  
999 |c 24558  |d 24558